00409nam a22001457a 4500999001900000040000900019082002300028100002500051245003800076260002000114300001600134521000700150942001200157952009400169 c527259d527259 cNUST 26tha510.2462bZIL aZill Dennis G 91266 aAdvanced Engineering Mathematics  bLearning c2018 bPB ,ill,119 aPB 2ddccBK 00102ddc4070aNQCbNQCd2019-07-23l0o510.2462 ZILpQ-262r2019-07-23w2019-07-23yBK